ბათუმის შოთა რუსთაველის სახელმწიფო უნივერსიტეტის ბიბლიოთეკა

Грузоведение и стивидорные операции. (ბიბ.ჩანაწერი № 35702)

000 -LEADER
fixed length control field 00650nam a2200229Ia 4500
001 - CONTROL NUMBER
control field 1575
003 - CONTROL NUMBER IDENTIFIER
control field GE_BSU
008 - FIXED-LENGTH DATA ELEMENTS--GENERAL INFORMATION
fixed length control field 181216s||||||||xx |||||||||||||| ||und||
040 ## - CATALOGING SOURCE
Transcribing agency GE_BSU
080 ## - UNIVERSAL DECIMAL CLASSIFICATION NUMBER
Universal Decimal Classification number 656.6(075.8)
100 ## - MAIN ENTRY--PERSONAL NAME
Personal name Андронов,Л.П.
245 ## - TITLE STATEMENT
Title Грузоведение и стивидорные операции.
245 ## - TITLE STATEMENT
Remainder of title Учебник.
250 ## - EDITION STATEMENT
Edition statement Изд 2-ое, перераб. и доп.
260 ## - PUBLICATION, DISTRIBUTION, ETC.
Place of publication, distribution, etc. М.
260 ## - PUBLICATION, DISTRIBUTION, ETC.
Name of publisher, distributor, etc. Транспорт.
260 ## - PUBLICATION, DISTRIBUTION, ETC.
Date of publication, distribution, etc. 1975.
300 ## - PHYSICAL DESCRIPTION
Extent 375стр. 21см.
653 ## - INDEX TERM--UNCONTROLLED
Uncontrolled term Грузоведение и стивидорные операции.
942 ## - ADDED ENTRY ELEMENTS (KOHA)
Koha item type წიგნი
ეგზემპლარები
Withdrawn status Lost status Damaged status Not for loan Date acquired Barcode Date last seen Price effective from Koha item type
        2018-12-17 3003 2018-12-17 2018-12-17 წიგნი